| 000 | 00574nam a2200205 a 4500 | ||
|---|---|---|---|
| 001 | 000024814 | ||
| 005 | 20200930023403.0 | ||
| 008 | 110204s1996 sp r 000 0 spa d | ||
| 020 | _a8488066309 | ||
| 040 |
_aDO-SdBNP _bspa _cBNPHU |
||
| 041 | 1 | 7 |
_aspa _heng _2Código de idiomas MARC |
| 082 |
_ann* _bnn* |
||
| 100 | 1 |
_aRay, Sondra. _944722 |
|
| 240 | 1 | 0 |
_aI deserve love. _lEspañol |
| 245 | 1 | 0 |
_aYo merezco amor / _cSondra Ray. |
| 260 |
_aMadrid : _bNeo Person, _c1996. |
||
| 300 |
_a119 p. ; _c21 cm. |
||
| 534 |
_aTítulo original : _tI deserve love |
||
| 049 | _aBNPHU | ||
| 999 |
_c24307 _d24307 |
||